Normal view
MARC view
- Maceira Ochoa, Luz María
Entry Nombre Personal
001 - NUMERO DE CONTROL
- campo de control: 41324
003 - IDENTIFICADOR DE NUMERO DE CONTROL
- campo de control: UPN
005 - FECHA Y HORA DE LA ÜLTIMA TRANSACCIÓN
- campo de control: 20210219194606.0
008 - DATOS DE LONGITUD FIJA
- campo de control de longitud fija: nabaccnnaabn|||||||||| b |nc|||||d
035 ## - NUMERO DE CONTROL
- Número de control: UPN11000013431
040 ## - FUENTE DE CATALOGACIÓN
- Lenguaje de catalogación: SPA
- Agencia de transcripción: UPN
100 1# - ENCABEZAMIENTO - NOMBRE PERSONAL
- Nombre personal: Maceira Ochoa, Luz María
670 ## - FUENTE EN LA QUE SE LOCALIZARON DATOS
- Cita de la fuente: LC/P
680 ## - NOTA PUBLICA DE ACCESO PÚBLICO
- Frase explicativa de la referencia: Licenciada mexicana en Ciencias de la Educación con Maestría en Estudios de Género
902 ## - CATALOGADOR
- Catalogador: CAA/170518
